Atlas routier France 2008

Guardat en:
Dades bibliogràfiques
Autor corporatiu: Michelin (Autor)
Format: Llibre
Idioma:francès
Publicat: París Michelin 2008
Matèries:
Etiquetes: Afegir etiqueta
Sense etiquetes, Sigues el primer a etiquetar aquest registre!

MARC

LEADER 00000nam a2200000 a 4500
001 UCI8717
003 CL-VaPUC
008 080925e20080000FR |||||||||||||||||fre|d
020 |a 9782067136397 
082 0 4 |a 912.44  |b MIC  |2 21 
110 2 |a Michelin  |e author  |9 532288 
245 1 0 |a Atlas routier France 2008 
300 |a 421 p 
942 |c BK 
945 |d 20080925 00:00:00  |a rbrito 
260 |a París  |b Michelin  |c 2008 
650 0 |a Cartografía   |9 266055 
650 7 |a RUTAS CAMINERAS  |2 CL-VaPUC  |9 441867 
651 0 |a Francia  |9 255157 
583 |a last modification  |c 20080925 00:00:00  |k Rodrigo Vera 
999 |c 331511  |d 331509 
952 |0 0  |1 0  |4 0  |6 912_440000000000000_MIC_2008  |7 0  |8 F  |9 418235  |a BIBING  |b BIBING  |d 2019-11-22  |i 4483901  |o 912.44 MIC 2008  |p 4483901  |r 2025-01-20  |w 2019-11-22  |y BK_F  |k GEO